| 000 | 00430nam a2200169 4500 | ||
|---|---|---|---|
| 001 | 2559 | ||
| 090 | _a2559 | ||
| 100 | _a20190723b u||y0fre||u0ba y50 | ||
| 101 | _afre | ||
| 200 |
_aMusidora _bPériodique _fMusidora |
||
| 210 |
_aParis _b4 rue Livingstone, 75018 Paris _cMusidora |
||
| 606 |
_aFéminisme _9429 |
||
| 606 |
_9163 _aCinéma |
||
| 607 |
_92675 _aParis (France) |
||
| 710 |
_96439 _aMusidora |
||
| 801 |
_aCH _bCH-002049-8 |
||
| 955 | _r1975: 1 | ||